00455nam a22001457a 450000500170000000800410001702000280005804100130008608200130009910000250011224500640013726000480020130000350024965000250028420231128072026.0231128b |||||||| |||| 00| 0 eng d a0702131644 ; 0702130710 aEnglish  a341 DUG  aDugard, J lEnglish  aInternational Law a South African Perspective / cJ Dugard  aCape Town : bJuta and Company Ltd, c1994  bxxxviii, 372 pages ; c26 cm.  aLegal practice bLaw